000
00191 a2200097 4500
001
3510
100
_a
Fischer, L
245
_a
This is owe world
260
_a
_b
Cape
_c
090
_c
2776
_d
2776
942
_a
NUST-CAE
_c
M
_c
19735
999
_c
238583
_d
238583